Surface Phenomena In Metals And Alloys / (Record no. 71904)
[ view plain ]
| 000 -LEADER | |
|---|---|
| fixed length control field | 01130nam a2200289 a 4500 |
| 001 - CONTROL NUMBER | |
| control field | 71904 |
| 003 - CONTROL NUMBER IDENTIFIER | |
| rucl marc code | BD-RjUL |
| 005 - DATE AND TIME OF LATEST TRANSACTION | |
| control field | 20211209082200.0 |
| 008 - FIXED-LENGTH DATA ELEMENTS--GENERAL INFORMATION | |
| fixed length control field | 170509s1962 E 001 0 eng d |
| 035 ## - SYSTEM CONTROL NUMBER | |
| System control number | (BD-RjUL)72120 |
| 040 ## - CATALOGING SOURCE | |
| Original cataloging agency | DLC |
| Transcribing agency | OAkU |
| Modifying agency | PPD |
| -- | OCoLC |
| -- | BD-RjUL |
| Language of cataloging | eng |
| 041 1# - LANGUAGE CODE | |
| Language code of text/sound track or separate title | engrus |
| 082 ## - DEWEY DECIMAL CLASSIFICATION NUMBER | |
| Classification number | 620.16 |
| Edition number | 23 |
| Author mark and year | SES 1962 |
| 100 1# - MAIN ENTRY--PERSONAL NAME | |
| Personal name | Semenchenko, V. K. |
| 9 (RLIN) | 212680 |
| 245 10 - TITLE STATEMENT | |
| Title | Surface Phenomena In Metals And Alloys / |
| Statement of responsibility, etc. | V K Semenchenko ;Translated from the Russian by N. G. Anderson ; Edited by R. Kennedy. |
| 260 ## - PUBLICATION, DISTRIBUTION, ETC. (IMPRINT) | |
| Place of publication, distribution, etc. | Oxford, |
| -- | New York : |
| Name of publisher, distributor, etc. | Pergamon Press; [distributed in U.S. A. by] Addison-Wesley Pub. Co.] |
| Place of publication, distribution, etc. | Reading, Mass., |
| Date of publication, distribution, etc. | c1962. |
| 300 ## - PHYSICAL DESCRIPTION | |
| Pagination | xx, 466 p. : |
| Illustrations | ill. ; |
| Size | 23 cm. |
| 490 0# - SERIES STATEMENT | |
| Series statement | Adiwes international series in metallurgy and materials |
| 504 ## - BIBLIOGRAPHY, ETC. NOTE | |
| Bibliography, etc | Includes bibliography & Index. |
| 650 #0 - SUBJECT ADDED ENTRY--TOPICAL TERM | |
| Topical term or geographic name as entry element | Surfaces (Technology) |
| 9 (RLIN) | 212681 |
| Topical term or geographic name as entry element | Metals. |
| 9 (RLIN) | 212682 |
| 700 ## - ADDED ENTRY--PERSONAL NAME | |
| Personal name | Translated from the Russian by Anderson, N. G. |
| Personal name | Edited by Kennedy, R. |
| 856 ## - ELECTRONIC LOCATION AND ACCESS | |
| Materials specified | Adiwes international series in metallurgy and materials |
| 942 ## - ADDED ENTRY ELEMENTS (KOHA) | |
| Source of classification or shelving scheme | Dewey Decimal Classification |
| Koha item type | Books |
| Lost status | Source of classification or shelving scheme | Damaged status | Not for loan | Collection code | Permanent Location | Current Location | Shelving location | Date acquired | Source of acquisition | Cost, normal purchase price | Total Checkouts | Full call number | Date last seen | Copy number | Koha item type |
|---|---|---|---|---|---|---|---|---|---|---|---|---|---|---|---|
| Dewey Decimal Classification | Not For Loan | Non-fiction | Central Library, University of Rajshahi | Central Library, University of Rajshahi | Reading Room | 07/05/1964 | Zeetlinger | 105.00 | 620.16 SES 1962 | 09/05/2017 | C-1 | Books |